Pamiatke Vladimíra Jurkoviča, vysl. evanj. a.v. farára modriansko-kráľovského a seniora bratislavského bratstva 1865-1943

Bibliographic Details
Main Author: Jurkovič, Ladislav, 1905-1997 (Author)
Format: Book
Language:Slovak
PhysicalDescription:23 strán 21 cm
Published: V Bratislave Ladislav Jurkovič 1943
Subjects:

MARC

LEADER 00000cam a2200000 a 4500
001 vtls008389371
003 SK-MaSNL
005 20260301094248.0
008 250313s1943 xo gr 000 0bslo
015 |a SNBA19421945-085/1940 
020 |q (brožované) 
035 |a SK01SNKBKSD220010081588 
035 |a urn:nbn:sk:snk-am3hzbv 
035 |a 3C11A05E-7FB5-45DD-82C8-8938C16AFAB9 
035 |a urn:nbn:sk:snk-am00deca 
035 |a SKM000084051 
040 |a SNK  |b slo  |c SNK  |e AACR2 
041 0 |a slo 
044 |a xo  |c SK 
080 |a 274/278-726.3  |2 2001 
080 |a (092)  |2 2011 
100 1 |a Jurkovič, Ladislav,  |d 1905-1997  |4 aut  |4 pbl  |9 164043 
245 0 0 |a Pamiatke Vladimíra Jurkoviča, vysl. evanj. a.v. farára modriansko-kráľovského a seniora bratislavského bratstva 1865-1943  |c vlastným nákladom vydal Ladislav Jurkovič 
260 |a V Bratislave  |b Ladislav Jurkovič  |c 1943  |e Bratislava  |f Slovenská Grafia 
300 |a 23 strán  |c 21 cm 
600 1 7 |a Jurkovič, Vladimír, 1865-1943  |2 SNKMA  |9 191714 
650 0 7 |a evanjelickí farári  |2 SNKPH  |9 67861 
655 7 |a biografie  |2 SNKPH  |9 27965 
752 |a Slovensko  |d Bratislava 
852 |a Slovenská národná knižnica 
958 |a OND 
958 |a RK 
958 |a TL 
958 |a BX 
999 |c 679739  |d 681669 
952 |a SNK  |b SNK  |y PREZ  |7 0  |p 17A0781127  |o snkSC 7643  |i snkKSK 734/56  |0 0  |1 0  |4 0  |d 2012-03-05  |f 1  |l 0  |r 2025-07-04 00:00:00  |w 2026-02-23 
952 |a SNK  |b SNK  |y VYP  |7 0  |p 17A0648640  |o snkSC 7643 D1  |i snkKSK 735/56  |8 3  |0 0  |1 0  |4 0  |d 2010-03-03  |l 0  |r 2026-02-23 19:53:31  |w 2026-02-23